| 000 | 01062pam a2200313 a 4500 | ||
|---|---|---|---|
| 005 | 20240211190143.0 | ||
| 008 | 930511s1994 cauab b 001 0 eng | ||
| 020 | _a053419950X (acidfree paper) | ||
| 040 |
_aDLC _cDLC _dDLC |
||
| 050 | 0 | 0 |
_aGF41 _b.M54 1994 |
| 082 | 0 | 0 |
_a363.7 _220 |
| 092 | 0 | 4 |
_a363.7 _bM6481 1994 _221 |
| 099 |
_a04 _a363.7 M6481 1994 |
||
| 100 | 1 |
_aMiller, G. Tyler _q(George Tyler), _d1931- |
|
| 245 | 1 | 0 |
_aLiving in the environment : _bprinciples, connections, and solutions / _cG. Tyler Miller, Jr. |
| 250 | _a8th ed. | ||
| 260 |
_aBelmont, Calif. : _bWadsworth Pub. Co., _cc1994. |
||
| 300 |
_axxv, 701 p. : _bill. (some col.), col. maps ; _c29 cm. |
||
| 440 | 0 | _aWadsworth biology series | |
| 504 | _aIncludes bibliographical references and index. | ||
| 650 | 0 | _aEnvironmental policy. | |
| 650 | 0 | _aEnvironmental sciences. | |
| 650 | 0 | _aHuman ecology. | |
| 902 | _a1 | ||
| 905 |
_aGehan _eRev. |
||
| 905 |
_aReda _eCat. |
||
| 942 |
_2ddc _cBK |
||
| 999 |
_c116638 _d116638 |
||